000
00317nam a2200157Ia 4500
100
_a
Wynkoop/ Stephen
250
_a
2
942
_c
BK
654
_a
Computer
245
_a
Using SQL Server 7.0
260
_b
Prentice Hall
_c
1999
082
_a
5.72
_b
WYN
300
_a
766
546
_a
ENGLISH
999
_c
17952
_d
17952